1213 1235 1175 1238 1905 1447 1710 1599 1613 1612 1500 1292 1314 1036 1215 1177 1308 1923 1651 1745 1422 1050 1512 1855 1789 1982 1398 1228 1264 1999 1205 1909 1587 1998 1993 1793 1934 1548 1492 1570 1869 1570 1826 1980 1062 1571 1152 1781 1311 1978 1520 1720 1613 1898 1670 1385 1020 1806 1754 1937 1763 1084 1987 1656 1644 1602 1403 1616 1589 1121 1983 1798 1462 1850 1389 1033 1293 1067 1984 1578 1355 1791 1501 1775 1921 1349 1402 1907 1750 1081 1542 1290 1232 1115 1079 1843 1874 1193 1039 BCNSPRNW ULIB Ver.6.0+V

เปลี่ยนเป็นภาษาไทย

Change to English
 แสดงรายละเอียดบรรณานุกรม
  กลับหน้าหลัก

Brief Record : Get Marc (ISO 2709) : E-mail record : QR code < ปิดหน้าต่าง
LEADER : 00000nam 2200000uu 4500
001    13399111356
003     ULIB
008    110623s2552||||th 000 0 tha d
020    9789742353124
060  0 QU145^bส293ศ 2552
110 1  สมาคมโภชนาการแห่งประเทศไทยในพระราชูปถัมภ์สมเด็จพระเทพรัตนราชสุดาฯสยามบรมราชกุมารี
245 00 ศัพท์โภชนาการ/^cสิรินทร์ พิบูลนิยม และคณะ
250    พิมพ์ครั้งที่ 1
260    กรุงเทพฯ:^bสมาคมโภชนาการแห่งประเทศไทยในพระราชูปถัมภ์สมเด็จพระเทพรัตนราชสุดาฯสยามบรมราชกุมารี,^c2552
300    111 หน้า
650  7 โภชนาการ^xคำศัพท์
945    ^p189^l0^i18151
945    ^p189^l0^i17766
995    กัณชพร
999    ^aใช้งานได้ทุกระบบ
รายการนี้ยังไม่มีแท็ก
คุณยังไม่ได้ล็อกอิน คุณสามารถมีกิจกรรมร่วมกับเว็บไซต์ได้ แต่ต้องล็อกอินก่อน ::
  ล็อกอิน

รายการสื่อสารสนเทศ

ลำดับที่ ประเภท เลขเรียก/บาร์โค้ด สถานที่ สถานะ
1. วิทยาศาสตร์การแพทย์ และสุขภาพ
วิทยาศาสตร์การแพทย์ และสุขภาพ
QU145 ส293ศ 2552  
  Barcode: 17766
ห้องสมุดวิทยาเขตสวรรค์ประชารักษ์
►ส่วนจัดเก็บหนังสือเก่า สปร
บนชั้น
  ขอยืม

BibComment


ยังไม่เคยถูกคอมเมนท์

คอมเมนท์ทรัพยากรรายการนี้
  คอมเมนท์: ศัพท์โภชนาการ สิร..


 Copyright 2026. Bcnsprnw @Library